Learning Resource and Development

Catálogo guía de arquitectura contemporánea : (Record no. 20148)

MARC details
000 -LEADER
fixed length control field 01695cam a2200433 a 4500
001 - CONTROL NUMBER
control field catlogoguade00noel
003 - CONTROL NUMBER IDENTIFIER
control field CaSfIA
005 - DATE AND TIME OF LATEST TRANSACTION
control field 20230525154930.0
007 - PHYSICAL DESCRIPTION FIXED FIELD--GENERAL INFORMATION
fixed length control field cr||||
008 - FIXED-LENGTH DATA ELEMENTS--GENERAL INFORMATION
fixed length control field 930812s1993 mx a b 001 0 spa
010 ## - LIBRARY OF CONGRESS CONTROL NUMBER
LC control number 93191112
040 ## - CATALOGING SOURCE
Original cataloging agency DLC
Transcribing agency DLC
Modifying agency EL$
-- DEBBG
-- CaSfIA
020 ## - INTERNATIONAL STANDARD BOOK NUMBER
International Standard Book Number 9687009365
020 ## - INTERNATIONAL STANDARD BOOK NUMBER
International Standard Book Number 9789687009360
035 ## - SYSTEM CONTROL NUMBER
System control number (OCoLC)29671791
043 ## - GEOGRAPHIC AREA CODE
Geographic area code n-mx---
050 00 - LIBRARY OF CONGRESS CALL NUMBER
Classification number NA747.M49
Item number N64 1993
082 #4 - DEWEY DECIMAL CLASSIFICATION NUMBER
Classification number 724.9
084 ## - OTHER CLASSIFICATION NUMBER
Classification number LO 96890
Number source rvk
029 1# - OTHER SYSTEM CONTROL NUMBER (OCLC)
OCLC library identifier AU@
System control number 000022919014
029 1# - OTHER SYSTEM CONTROL NUMBER (OCLC)
OCLC library identifier DEBBG
System control number BV010026488
100 1# - MAIN ENTRY--PERSONAL NAME
Personal name Noelle, Louise.
245 10 - TITLE STATEMENT
Title Catálogo guía de arquitectura contemporánea :
Medium [electronic resource]
Remainder of title Ciudad de México /
Statement of responsibility, etc. Louise Noelle, Carlos Tejeda.
250 ## - EDITION STATEMENT
Edition statement 1. ed.
260 ## - PUBLICATION, DISTRIBUTION, ETC.
Place of publication, distribution, etc. México :
Name of publisher, distributor, etc. Fomento Cultural Banamex,
Date of publication, distribution, etc. 1993.
300 ## - PHYSICAL DESCRIPTION
Extent 172 p. :
Other physical details ill. ;
Dimensions 23 cm.
504 ## - BIBLIOGRAPHY, ETC. NOTE
Bibliography, etc. note Includes bibliographical references (p. 168-171) and index.
650 #0 - SUBJECT ADDED ENTRY--TOPICAL TERM
Topical term or geographic name entry element Architecture
Geographic subdivision Mexico
-- Mexico City
General subdivision History
Chronological subdivision 20th century
Form subdivision Guidebooks.
651 #0 - SUBJECT ADDED ENTRY--GEOGRAPHIC NAME
Geographic name Mexico City (Mexico)
Form subdivision Guidebooks.
651 #0 - SUBJECT ADDED ENTRY--GEOGRAPHIC NAME
Geographic name Mexico City (Mexico)
General subdivision Buildings, structures, etc.
Form subdivision Guidebooks.
650 #4 - SUBJECT ADDED ENTRY--TOPICAL TERM
Topical term or geographic name entry element Arquitectura moderna
Chronological subdivision Siglo XX
Geographic subdivision México (Ciudad)
General subdivision Guías, manuales, etc.
651 #4 - SUBJECT ADDED ENTRY--GEOGRAPHIC NAME
Geographic name México (Ciudad)
General subdivision Guías, manuales, etc.
651 #4 - SUBJECT ADDED ENTRY--GEOGRAPHIC NAME
Geographic name México (Ciudad)
General subdivision Edificio, estructuras, etc.
-- Guías, manales, etc.
650 07 - SUBJECT ADDED ENTRY--TOPICAL TERM
Topical term or geographic name entry element Kunstführer.
Source of heading or term swd
651 #7 - SUBJECT ADDED ENTRY--GEOGRAPHIC NAME
Geographic name Mexiko (Stadt)
Source of heading or term swd
700 1# - ADDED ENTRY--PERSONAL NAME
Personal name Tejeda, Carlos,
Dates associated with a name 1948-
856 41 - ELECTRONIC LOCATION AND ACCESS
Uniform Resource Identifier <a href="http://www.archive.org/details/catlogoguade00noel">http://www.archive.org/details/catlogoguade00noel</a>
Public note Free eBook from the Internet Archive
856 42 - ELECTRONIC LOCATION AND ACCESS
Uniform Resource Identifier <a href="http://www.openlibrary.org/books/OL1509252M">http://www.openlibrary.org/books/OL1509252M</a>
Public note Additional information and access via Open Library
Holdings
Withdrawn status Lost status Damaged status Not for loan Collection Home library Current library Date acquired Total Checkouts Full call number Date last seen Price effective from Koha item type
        Project Gutenberg Main Library Main Library 05/25/2023   NA747.M49 N64 1993 05/25/2023 05/25/2023 EBooks